The darkest night : Lords of the underworld / Gena Showalter.
His powers—Inhuman... His passion—Beyond immortal... All her life, Ashlyn Darrow has been tormented by voices from the past. To end the nightmare, she has come to Budapest seeking help from men rumored to have supernatural abilities, not knowing she'll be swept into the arms of Maddox, their most dangerous member—a man trapped in a hell of his own. Neither can resist the instant hunger that calms their torments... and ignites an irresistible passion. But every heated touch and burning kiss will edge them closer to destruction—and a soul-shattering test of love... Though they carry an eternal curse, the Lords of the Underworld are irresistibly seductive—and unimaginably powerful...
Record details
- ISBN: 9780373772469
- ISBN: 9780373775224
- ISBN: 0373775229
- ISBN: 0373772467
- Physical Description: 379 pages ; 17 cm
- Publisher: Don Mills, Ont. : HQN, ©2008.
Search for related items by subject
| Subject: | Good and evil > Fiction. Immortality > Fiction. Budapest (Hungary) > Fiction. |
| Genre: | Fantasy fiction. Romance fiction. |
Search for related items by series
Available copies
- 1 of 1 copy available at scottsboropl.
Holds
- 0 current holds with 1 total copy.
Show Only Available Copies
| Location | Call Number / Copy Notes | Barcode | Shelving Location | Status | Due Date |
|---|---|---|---|---|---|
| scottsboropl | F Sho | 32269001244618 | Adult - Fiction | Available | - |
| LDR | 03519cam a2200829 a 4500 | ||
|---|---|---|---|
| 001 | 162443 | ||
| 003 | SBPL | ||
| 005 | 20240108110859.0 | ||
| 008 | 080425s2008 onc 000 1 eng d | ||
| 010 | . | ‡a 2008581356 | |
| 020 | . | ‡a9780373772469 | |
| 020 | . | ‡a9780373775224 | |
| 020 | . | ‡a0373775229 | |
| 020 | . | ‡a0373772467 | |
| 035 | . | ‡a(OCoLC)226301528 ‡z(OCoLC)154661542 ‡z(OCoLC)657039367 ‡z(OCoLC)762160047 ‡z(OCoLC)1043467859 ‡z(OCoLC)1057564890 ‡z(OCoLC)1103779245 ‡z(OCoLC)1108216165 | |
| 050 | 1 | 4. | ‡aPS3619.H77 ‡bD37 2008 |
| 082 | 0 | 4. | ‡a813/.6 ‡222 |
| 100 | 1 | . | ‡aShowalter, Gena. |
| 245 | 1 | 4. | ‡aThe darkest night : ‡bLords of the underworld / ‡cGena Showalter. |
| 260 | . | ‡aDon Mills, Ont. : ‡bHQN, ‡c©2008. | |
| 300 | . | ‡a379 pages ; ‡c17 cm | |
| 336 | . | ‡atext ‡btxt ‡2rdacontent | |
| 337 | . | ‡aunmediated ‡bn ‡2rdamedia | |
| 338 | . | ‡avolume ‡bnc ‡2rdacarrier | |
| 490 | 1 | . | ‡aLords of the underworld ; ‡vbk. 1 |
| 520 | . | ‡aHis powers—Inhuman... His passion—Beyond immortal... All her life, Ashlyn Darrow has been tormented by voices from the past. To end the nightmare, she has come to Budapest seeking help from men rumored to have supernatural abilities, not knowing she'll be swept into the arms of Maddox, their most dangerous member—a man trapped in a hell of his own. Neither can resist the instant hunger that calms their torments... and ignites an irresistible passion. But every heated touch and burning kiss will edge them closer to destruction—and a soul-shattering test of love... Though they carry an eternal curse, the Lords of the Underworld are irresistibly seductive—and unimaginably powerful... | |
| 650 | 0. | ‡aGood and evil ‡vFiction. | |
| 650 | 0. | ‡aImmortality ‡vFiction. | |
| 651 | 0. | ‡aBudapest (Hungary) ‡vFiction. | |
| 655 | 7. | ‡aFantasy fiction. ‡2lcgft | |
| 655 | 7. | ‡aRomance fiction. ‡2lcgft | |
| 800 | 1 | . | ‡aShowalter, Gena. ‡tLords of the underworld ; ‡vbk. 1. |
| 901 | . | ‡a162443 ‡bAUTOGEN ‡c162443 ‡tbiblio | |